Datum a čas kvízu
33
Celkem bodů
Celkový počet nahraných bodů na tomto kvízu bez doplňovacích otázek.
3.
Pořadí na kvízu
Konečné umístění týmu na tomto kvízu.
Zaznamenané odpovědi
| # | Otázka | Odpověď | Body | Výsledky |
|---|---|---|---|---|
| 1. | Na půdě Poslanecké sněmovny se... | obrázek Milady Horákové | 1 | |
| 2. | Ruské úřady zrušily po dvou le... | Telegram | 0 | |
| 3. | V sobotu se konalo odložené vy... | Jiří Černý | 1 | |
| 4. | Alena Schillerová představila... | 5 740 Kč | 1 | |
| 5. | Minulý týden skončily spekulac... | Chelsea | 0 | |
| 6. | Napište dvě řecké předpony pou... | mega, mikro | 1 | |
| 7. | První záchytný bod v původní č... | 320 000 Kč | 1 | |
| 8. | Uveďte právní formu Milionu ch... | B | 1 | |
| 9. | V žebříčku deseti měst USA s v... | Kalifornie a Texas | 0.5 | |
| 10. | Slunce je od Země vzdáleno zhr... | 8 minut | 1 |